Ecology. From individuals to ecosystems.
Guardat en:
| Autors principals: | , |
|---|---|
| Format: | Desconegut |
| Idioma: | anglès |
| Publicat: |
Hoboken, NJ., USA.
Wiley,
2021
|
| Edició: | Fifth edition |
| Matèries: | |
| Etiquetes: |
Afegir etiqueta
Sense etiquetes, Sigues el primer a etiquetar aquest registre!
|
MARC
| LEADER | 00000 a2200000 4500 | ||
|---|---|---|---|
| 003 | CL-VaPUC | ||
| 005 | 20211108092858.0 | ||
| 008 | 210422b ||||| |||| 00| 0 eng d | ||
| 999 | |c 432420 |d 432418 | ||
| 020 | |a 9781119279358 | ||
| 040 | |c Pontificia Universidad Católica de Valparaíso | ||
| 082 | |a 577 BEG 2021 | ||
| 100 | |a Begon, Michael |9 304405 |e author | ||
| 245 | |a Ecology. |b From individuals to ecosystems. | ||
| 250 | |a Fifth edition | ||
| 260 | |a Hoboken, NJ., USA. |b Wiley, |c 2021 | ||
| 300 | |a 844 páginas; |b ilustraciones | ||
| 583 | |k Cristina Rojas |c 20210422 | ||
| 650 | 0 | |a Ecología |9 258124 | |
| 650 | 0 | |a Ecosistemas |9 261477 | |
| 700 | |a Townsend, Colin R. |9 374909 |e author | ||
| 942 | |2 ddc |c BK | ||
| 952 | |0 0 |1 0 |2 ddc |4 0 |6 577_000000000000000_BEG_2021 |7 0 |8 A |9 577948 |a BIBCUR |b BIBCUR |d 2021-06-01 |e 2 |g 56130.00 |i 5583748 |o 577 BEG 2021 |p 5583748 |r 2025-04-22 |t 3 |v 56130.00 |w 2021-06-01 |y BK |k BIO | ||
| 952 | |0 0 |1 0 |2 ddc |4 0 |6 577_000000000000000_BEG_2021 |7 0 |8 A |9 577949 |a BIBCUR |b BIBCUR |d 2021-06-01 |e 2 |g 56130.00 |i 5583756 |o 577 BEG 2021 |p 5583756 |r 2025-04-22 |t 4 |v 56130.00 |w 2021-06-01 |y BK |k BIO | ||
| 952 | |0 0 |1 0 |2 ddc |4 0 |6 577_000000000000000_BEG_2021 |7 0 |8 A |9 577950 |a BIBCUR |b BIBCUR |d 2021-06-01 |e 2 |g 56130.00 |i 5583764 |l 3 |m 1 |o 577 BEG 2021 |p 5583764 |r 2025-04-22 |s 2024-05-03 |t 5 |v 56130.00 |w 2021-06-01 |y BK |k BIO | ||
| 952 | |0 0 |1 0 |2 ddc |4 0 |6 577_000000000000000_BEG_2021 |7 0 |8 A |9 577951 |a BIBCUR |b BIBCUR |d 2021-06-01 |e 2 |g 56130.00 |i 558373K |o 577 BEG 2021 |p 558373K |r 2025-04-22 |t 2 |v 56130.00 |w 2021-06-01 |y BK |k BIO | ||
| 952 | |0 0 |1 0 |2 ddc |4 0 |6 577_000000000000000_BEG_2021 |7 0 |8 A |9 577952 |a BIBCUR |b BIBCUR |d 2021-06-01 |e 2 |g 56130.00 |i 5583721 |l 1 |o 577 BEG 2021 |p 5583721 |r 2025-04-22 |s 2021-07-02 |t 1 |v 56130.00 |w 2021-06-01 |y BK |k BIO | ||